All Bob Seger Songs - Statistics

General Stats
  • This quiz has been taken 61 times
  • The average score is 20 of 216
Answer Stats
Album Song % Correct
Night Moves Night Moves
84%
Like a Rock Like a Rock
66%
Against the Wind Against the Wind
64%
Stranger in Town Old Time Rock & Roll
64%
Beautiful Loser Beautiful Loser
57%
Back in '72 Turn the Page
55%
Stranger in Town Hollywood Nights
50%
Night Moves Mainstreet
50%
Ramblin' Gamblin' Man Ramblin' Gamblin' Man
50%
Nine Tonight Nine Tonight
48%
The Fire Inside The Fire Inside
48%
Noah Noah
43%
Night Moves Rock and Roll Never Forgets
43%
It's a Mystery It's a Mystery
41%
Mongrel Mongrel
41%
Ride Out Ride Out
41%
I Knew You When I Knew You When
39%
Stranger in Town Still the Same
36%
Back in '72 Back in '72
34%
Brand New Morning Brand New Morning
34%
Face the Promise Face the Promise
34%
Against the Wind Fire Lake
34%
Night Moves The Fire Down Below
32%
Stranger in Town We've Got Tonite
32%
Beverly Hills Cop II (The Motion Picture Soundtrack Album) Shakedown
27%
Against the Wind Her Strut
25%
The Distance Roll Me Away
25%
Against the Wind You'll Accomp'ny Me
25%
Stranger in Town Feel Like a Number
23%
Against the Wind Betty Lou's Gettin' Out Tonight
18%
Beautiful Loser Katmandu
18%
Against the Wind The Horizontal Bop
18%
Beautiful Loser Nutbush City Limits
14%
The Distance Shame on the Moon
14%
Night Moves Ship of Fools
14%
Stranger in Town The Famous Final Scene
14%
Stranger in Town Till It Shines
14%
Nine Tonight Tryin' to Live My Life Without You
14%
Night Moves Come to Poppa
11%
The Distance Even Now
11%
Single #8 Heavy Music
11%
Beautiful Loser Jody Girl
11%
The Distance Makin' Thunderbirds
11%
Night Moves Sunspot Baby
11%
Beautiful Loser Travelin' Man
11%
Stranger in Town Ain't Got No Money
9%
Like a Rock American Storm
9%
Seven Get Out of Denver
9%
Ramblin' Gamblin' Man 2 + 2 = ?
7%
Stranger in Town Brave Strangers
7%
Greatest Hits C'est la Vie
7%
The Distance House Behind a House
7%
Against the Wind Long Twin Silver Line
7%
I Knew You When Marie
7%
Night Moves Mary Lou
7%
Seven U.M.C. (Upper Middle Class)
7%
The Distance Boomtown Blues
5%
Noah Cat
5%
The Distance Comin' Home
5%
Ultimate Hits: Rock and Roll Never Forgets Downtown Train
5%
Single #4 East Side Story
5%
Ultimate Hits: Rock and Roll Never Forgets Hey, Hey, Hey, Hey (Going Back to Birmingham)
5%
Smokin' O.P.'s If I Were a Carpenter
5%
Smokin' O.P.'s Let It Rock
5%
The Distance Little Victories
5%
Single #9 Lookin' Back
5%
The Distance Love's the Last to Know
5%
Mongrel Lucifer
5%
Against the Wind No Man's Land
5%
Against the Wind Shinin' Brightly
5%
Smokin' O.P.'s Someday
5%
Night Moves Sunburst
5%
Like a Rock The Aftermath
5%
Ramblin' Gamblin' Man The Last Song (Love Needs to Be Loved)
5%
Ultimate Hits: Rock and Roll Never Forgets The Little Drummer Boy
5%
The Fire Inside The Real Love
5%
Teachers (Soundtrack) Understanding
5%
It's a Mystery 16 Shells from a Thirty-Ought Six
2%
Seven 20 Years from Now
2%
Ride Out Adam and Eve
2%
Ride Out All of the Roads
2%
Seven All Your Love
2%
The Fire Inside Always in My Heart
2%
Face the Promise Are You
2%
Single #3 Ballad of the Yellow Beret
2%
Face the Promise Between
2%
Mongrel Big River
2%
Ramblin' Gamblin' Man Black Eyed Girl
2%
Beautiful Loser Black Night
2%
The Fire Inside Blind Love
2%
Road House (Soundtrack) Blue Monday
2%
I Knew You When Blue Ridge
2%
Smokin' O.P.'s Bo Diddley / Who Do You Love?
2%
I Knew You When Busload of Faith
2%
It's a Mystery By the River
2%
Ride Out California Stars
2%
Heavy Music: The Complete Cameo Recordings 1966-1967 Chain Smokin'
2%
Hope Floats: Music from the Motion Picture Chances Are
2%
Seven Cross of Gold
2%
Early Seger Vol. 1 Days When the Rain Would Come
2%
Noah Death Row
2%
I Knew You When Democracy
2%
Ride Out Detroit Made
2%
Ramblin' Gamblin' Man Doctor Fine
2%
Ramblin' Gamblin' Man Down Home
2%
Mongrel Evil Edna
2%
Beautiful Loser Fine Memory
2%
Heavy Music: The Complete Cameo Recordings 1966-1967 Florida Time
2%
Noah Follow the Children
2%
Like a Rock Fortunate Son
2%
I Knew You When Forward into the Past
2%
Ride Out Gates of Eden
2%
Early Seger Vol. 1 Gets Ya Pumpin'
2%
I Knew You When Glenn Song
2%
It's a Mystery Golden Boy
2%
Ramblin' Gamblin' Man Gone
2%
Against the Wind Good for Me
2%
I Knew You When Gracile
2%
It's a Mystery Hands in the Air
2%
Ride Out Hey Gypsy
2%
Mongrel Highway Child
2%
Smokin' O.P.'s Hummin' Bird
2%
It's a Mystery I Can't Save You Angeline
2%
I Knew You When I'll Remember You
2%
Noah Innervenus Eyes
2%
Greatest Hits In Your Time
2%
Ride Out It All Goes On
2%
Like a Rock It's You
2%
Ride Out It's Your World
2%
Back in '72 I've Been Working
2%
Back in '72 I've Got Time
2%
Ramblin' Gamblin' Man Ivory
2%
It's a Mystery I Wonder
2%
Smokin' O.P.'s Jesse James
2%
Noah Jumpin' Humpin' Hip Hypocrite
2%
Mongrel Leanin on My Dream
2%
Noah Lennie Johnson
2%
Ride Out Let the Rivers Run
2%
Ride Out Listen
2%
Ultimate Hits: Rock and Roll Never Forgets Living Inside My Heart
2%
It's a Mystery Lock and Load
2%
Noah Loneliness Is a Feeling
2%
Noah Lonely Man
2%
Seven Long Song Comin'
2%
Brand New Morning Louise
2%
Smokin' O.P.'s Love the One You're With
2%
It's a Mystery Manhattan
2%
Brand New Morning Maybe Today
2%
Like a Rock Miami
2%
Back in '72 Midnight Rider
2%
Beautiful Loser Momma
2%
Mongrel Mongrel Too
2%
Seven Need Ya
2%
Back in '72 Neon Sky
2%
The Fire Inside New Coat of Paint
2%
Face the Promise No Matter Who You Are
2%
Face the Promise No More
2%
Noah Paint Them a Picture Jane
2%
Ride Out Passing Through
2%
Single #6 Persecution Smith
2%
Brand New Morning Railroad Days
2%
Face the Promise Real Mean Bottle
2%
Face the Promise Red Eye to Memphis
2%
It's a Mystery Revisionism Street
2%
It's a Mystery Rite of Passage
2%
Mongrel River Deep, Mountain High
2%
Back in '72 Rosalie
2%
I Knew You When Runaway Train
2%
Beautiful Loser Sailing Nights
2%
Greatest Hits 2 Satisfied
2%
Seven School Teacher
2%
Seven Seen a Lot of Floors
2%
The Fire Inside She Can't Do Anything Wrong
2%
The Fire Inside Sightseeing
2%
Face the Promise Simplicity
2%
Single #5 Sock It to Me Santa
2%
Back in '72 So I Wrote You a Song
2%
Brand New Morning Something Like
2%
I Knew You When Something More
2%
Brand New Morning Sometimes
2%
Like a Rock Somewhere Tonight
2%
Brand New Morning Song for Him
2%
Mongrel Song to Rufus
2%
Early Seger Vol. 1 Star Tonight
2%
Back in '72 Stealer
2%
The Fire Inside Take a Chance
2%
Ramblin' Gamblin' Man Tales of Lucy Blue
2%
Mongrel Teachin' Blues
2%
Single #2 TGIF
2%
Face the Promise The Answer's in the Question
2%
Ride Out The Devil's Right Hand
2%
Ride Out The Fireman's Talkin
2%
I Knew You When The Highway
2%
Single The Lonely One
2%
Face the Promise The Long Goodbye
2%
The Fire Inside The Long Way Home
2%
The Fire Inside The Mountain
2%
Like a Rock The Ring
2%
I Knew You When The Sea Inside
2%
Like a Rock Tightrope
2%
Greatest Hits 2 Tomorrow
2%
Ramblin' Gamblin' Man Train Man
2%
Smokin' O.P.'s Turn on Your Love Light
2%
Single #7 Vagrant Winter
2%
Heavy Music: The Complete Cameo Recordings 1966-1967 Very Few
2%
Face the Promise Wait for Me
2%
It's a Mystery West of the Moon
2%
The Fire Inside Which Way
2%
Ramblin' Gamblin' Man White Wall
2%
Wrote a Song for Everyone Who'll Stop the Rain
2%
Early Seger Vol. 1 Wildfire
2%
Face the Promise Won't Stop
2%
Face the Promise Wreck This Heart
2%
Brand New Morning You Know Who You Are
2%
Ride Out You Take Me In
2%
The Fire Inside Real at a Time
0%
No matching quizzes found
Score Distribution
Percent of People with Each Score
Percentile by Number Answered
Your Score History
You have not taken this quiz